Statistics for Earned it - The Weeknd Lyrics

Click here to take the quiz!

General Stats

  • This quiz has been taken 740 times
  • The average score is 204 of 250

Answer Stats

HintAnswer% Correct
i
100%
you
99%
it
98%
caus
91%
th
90%
girl
89%
no
89%
earned
88%
im
88%
I'm
88%
i'm
88%
be
87%
but
87%
deserve
87%
like
87%
magic
87%
make
87%
see
87%
cause
86%
nobody
86%
so
86%
worth
86%
and
85%
it's
85%
look
84%
youre
84%
love
83%
perfect
83%
the
83%
to
83%
us
83%
always
82%
care
82%
for
82%
never
81%
use
81%
used
79%
being
78%
confused
78%
when
78%
work
78%
yeah
78%
way
77%
hate
74%
unexpected
73%
call
71%
expected
71%
hey
71%
we
66%
dont
63%
know
62%
of
62%
would
62%
my
61%
I'ma
60%
i'ma
60%
kind
60%
tragic
60%
night
59%
on
59%
our
57%
moments
56%
moment's
56%
pay
56%
mind
54%
lies
53%
inside
52%
lonely
52%
only
52%
was
51%
broken
49%
said
48%
believe
47%
made
47%
rush
47%
that
47%
were
47%
felt
46%
favourite
45%
live
45%
convinced
40%
wouldnt
32%
there
14%

Score Distribution

Percentile by Number Answered

Percent of People with Each Score

Your Score History

You have not taken this quiz